00505nam a22001572 4500001001100000005001700011008004100028020001700069040001500086100003400101245008200135260004900217300001600266650006200282852000300344000002549420151217154550.0151005s xx 000 0 eng d a1571050108 : aKABUcKABU1 aAbeyratne, R.I.R.@000018615710aLegal and regulatory issues in international aviation /cby R.I.R. Abeyratne. aNew York :bTransnational publishers,c1996. axxv, 486 p. 0aAeronautics, commercialxLaw and legislation.@00001815961